00626nam a2200193 a 450000100060000000300090000600800410001504000280005608200140008410000350009824500280013325000060016126000310016730000080019850501740020665000150038065000130039565000240040822535CO-ViMGA141112s2004 ck r 000 u spa d aCO-ViMGAbspacCO-ViMGA04a621 P973i1 aPytel, Andrew; Kiusalaas, Jaan10aIngeniería mecánica a2 aMexico : bThonson, c1999 a622 aIntroducción a la dinámica 1 - 5 - - Dinamica de una particula : coordenadas rectangulares 13 - 73 - - Dinamica de una particula : coordenadas curvilineas 85 - 120 14aCINEMATICA14aDINAMICA14aINGENIERIA MECANICA